National Animal by Country - Statistics

General Stats
  • This quiz has been taken 24 times
  • The average score is 6 of 15
Answer Stats
Question Answer % Correct
Beaver Canada
100%
The dodo bird Mauritius
100%
Red Squirrel Denmark
50%
Gallic Rooster France
50%
Black Panther Gabon
50%
Carp Japan
50%
Kiwi New Zealand
50%
Lynx Romania
50%
Springbok South Africa
50%
Siberian Tiger South Korea
50%
Red-Billed Streamertail Jamaica
0%
Eagle(Not Bald Eagle) Nigeria
0%
Markhor Pakistan
0%
Harpy Eagle Panama
0%
African Fish Eagle South Sudan
0%
No matching quizzes found
Score Distribution
Percent of People with Each Score
Percentile by Number Answered
Your Score History
You have not taken this quiz